Große Freiheit - Unheilig (Liedtext) - Statistiken

Allgemein
  • Dieses Quiz wurde 15 mal gespielt
  • Das Durchschnittsergebnis liegt bei 119 aus 209
Antwortstatistiken
Liedtext % Korrekt
dir
91%
Du
91%
du
91%
für
91%
mein
91%
bist
82%
Bist
82%
da
82%
der
82%
die
82%
Es
82%
es
82%
Freiheit
82%
große
82%
Große
82%
grosse
82%
Ich
82%
ich
82%
in
82%
In
82%
See
82%
an
73%
hab
73%
Im
73%
ist
73%
wie
73%
zu
73%
den
64%
dich
64%
ein
64%
mich
64%
mir
64%
schön
64%
Und
64%
und
64%
wieder
64%
hast
55%
nach
55%
Oh
55%
Herz
45%
Dein
36%
dem
36%
gesehnt
36%
meine
36%
sehn
36%
Tag
36%
warst
36%
geträumt
27%
Kind
27%
Nacht
27%
steht
27%
Welt
27%
zurück
27%
Als
18%
deiner
18%
denk
18%
Flut
18%
Führst
18%
Füßen
18%
Gezeiten
18%
Himmel
18%
liegt
18%
Meer
18%
Stern
18%
Sturm
18%
über
18%
überstehen
18%
Zuhause
18%
erwacht
9%
gehen
9%
Horizont
9%
lebt
9%
Pulsschlag
9%
Segel
9%
Setz
9%
sooft
9%
Urkraft
9%
Zwischen
9%
durch
0%
Jede
0%
nordisch
0%
stillen
0%
Stolz
0%
wiederzusehn
0%
wiederzusehn'
0%
Keine übereinstimmenden Quizze gefunden
Verteilung der Resultate
Anzahl Personen mit jedem Resultat
Perzentil nach korrekt beantworteten Fragen
Ihre Resultats-Entwicklung
Sie haben dieses Quiz noch nicht gespielt